Egyptian hieroglyphs for complete beginners : (Record no. 615015)

000 -LEADER
fixed length control field 03588cam a2200409 i 4500
001 - CONTROL NUMBER
control field 16914784
005 - DATE AND TIME OF LATEST TRANSACTION
control field 20251003115858.0
008 - FIXED-LENGTH DATA ELEMENTS--GENERAL INFORMATION
fixed length control field 110811s2012 enka 001 0 eng d
010 ## - LIBRARY OF CONGRESS CONTROL NUMBER
LC control number 2011936390
020 ## - INTERNATIONAL STANDARD BOOK NUMBER
International Standard Book Number 9780500290286
Qualifying information pbk.
035 ## - SYSTEM CONTROL NUMBER
System control number 16914784
035 ## - SYSTEM CONTROL NUMBER
System control number (OCoLC)767564398
040 ## - CATALOGING SOURCE
Original cataloging agency BTCTA
Language of cataloging eng
Transcribing agency BTCTA
Modifying agency BDX
-- YDXCP
Description conventions rda
Modifying agency ORX
-- BWX
-- VP@
-- IUL
-- BOS
-- JQM
-- OMB
-- BKX
-- LMR
-- JYJ
-- SHH
-- DLC
041 0# - LANGUAGE CODE
Language code of text/sound track or separate title eng
-- egy
042 ## - AUTHENTICATION CODE
Authentication code lccopycat
050 00 - LIBRARY OF CONGRESS CALL NUMBER
Classification number PJ1097
Item number .M25 2012
082 04 - DEWEY DECIMAL CLASSIFICATION NUMBER
Classification number 493.111
Edition number 23
Author Mark MAN
100 1# - MAIN ENTRY--PERSONAL NAME
Personal name Manley, Bill,
Relator term author.
9 (RLIN) 130851
245 10 - TITLE STATEMENT
Title Egyptian hieroglyphs for complete beginners :
Remainder of title the revolutionary new approach to reading the monuments /
Statement of responsibility, etc. Bill Manley.
264 #1 - PRODUCTION, PUBLICATION, DISTRIBUTION, MANUFACTURE, AND COPYRIGHT NOTICE
Place of production, publication, distribution, manufacture London :
Name of producer, publisher, distributor, manufacturer Thames & Hudson,
Date of production, publication, distribution, manufacture, or copyright notice 2012.
300 ## - PHYSICAL DESCRIPTION
Extent 160 pages :
Other physical details illustrations ;
Dimensions 26 cm
336 ## - CONTENT TYPE
Content type term text
Content type code txt
Source rdacontent
337 ## - MEDIA TYPE
Media type term unmediated
Media type code n
Source rdamedia
338 ## - CARRIER TYPE
Carrier type term volume
Carrier type code nc
Source rdacarrier
500 ## - GENERAL NOTE
General note "New step-by-step method"--Cover.
500 ## - GENERAL NOTE
General note "47 illustrations."
500 ## - GENERAL NOTE
General note Includes index.
505 0# - FORMATTED CONTENTS NOTE
Formatted contents note Inscriptions : Stela of Mereri (c.2200 BC) : Sound signs ; Direction of writing ; Vowels and pronunciation ; Determinatives ; How do we know how to read hieroglyphs? ; Signs writing 2 or 3 sounds ; Sound complements ; Unexpected writings ; What is transliteration? -- Another Stela of Mereri (c.2200 BC) : The offering formula ; 'a' and 'the' ; Even more unexpected writings ; Ideograms? ; What is Middle Egyptian? -- Stela of Minuser (c.2200 BC) : Word order -- Funerary stamp of Mermose (c.1350 BC) -- Inner coffin of Khnumhotep, son of Nebtu (c.1800 BC) : More about the offering formula ; Identity -- Stela of Dedu and Satsobk (c.1900 BC) : Feminine words ; Why food offerings? -- Stela of Ty (c.2200 BC) -- Stela of Intef and Nesumontju (c.1700 BC?) : Titles of Osiris -- Stela of Shenwy and Hedjret (c.1900 BC) : The dedication formula ; The family -- Coffin of Khnumhotep, son of Henib (c.1850 BC) -- Kings' names : Kings' Titularies -- Stela of Djet, from his tomb at Abydos (c.2950 BC) -- Stela of Raneb (c.2750 BC) ; Inscription of Khakaura Senusret III (c.1836-1818 BC) : Writing plurals -- Another inscription of Khakaura Senusret III (c.1836-1818 BC) -- Three inscriptions of Ramesses II (c.1279-1213 BC) -- Three stelae of Thutmose IV (c.1400-1390 BC) from the Great Sphinx : Epithets ; The king and the gods -- Inscriptions from a golden shrine of Tutankhamun (c.1332-1322 BC) -- The oldest texts and earliest hieroglyphs : How did writing begin in Egypt? -- Slate palette of King Narmer from the Temple of Horus (c.2950 BC) -- Ivory comb of King Djet from his tomb (c.2950 BC) -- Ivory label of King Den from his tomb (c.2900 BC) -- Putting it all together : two inscriptions -- Marriage inscription of Amenhotep III (c.1390 BC) : 'he is' or 'she is' -- Offering-chapel of Sarenput II at Aswan (c.1850) -- Epilogue -- List of kings' names -- List of gods -- List of hieroglyphic signs -- List of words in hieroglyphs.
520 ## - SUMMARY, ETC.
Summary, etc. Teaches how to translate Egyptian hieroglyphs into English using a step-by-step procedure that includes the use of photographs and line drawings.
650 #0 - SUBJECT ADDED ENTRY--TOPICAL TERM
Topical term or geographic name entry element Egyptian language
General subdivision Writing, Hieroglyphic.
9 (RLIN) 130852
650 #0 - SUBJECT ADDED ENTRY--TOPICAL TERM
Topical term or geographic name entry element Egyptian language
Form subdivision Textbooks for foreign speakers
General subdivision English.
9 (RLIN) 130853
650 #0 - SUBJECT ADDED ENTRY--TOPICAL TERM
Topical term or geographic name entry element Egyptian language
Form subdivision Self-instruction.
9 (RLIN) 130854
650 #0 - SUBJECT ADDED ENTRY--TOPICAL TERM
Topical term or geographic name entry element Hieroglyphics.
9 (RLIN) 130855
906 ## - LOCAL DATA ELEMENT F, LDF (RLIN)
a 7
b cbc
c copycat
d 2
e epcn
f 20
g y-gencatlg
942 ## - ADDED ENTRY ELEMENTS (KOHA)
Source of classification or shelving scheme
Koha item type Book
Holdings
Withdrawn status Lost status Source of classification or shelving scheme Damaged status Not for loan Permanent Location Current Location Shelving location Date acquired Total Checkouts Full call number Barcode Date last seen Price effective from Koha item type
          Central Library (CL) Central Library (CL) Lincoln Corner 10/03/2025   493.111 MAN LC-459 10/03/2025 10/03/2025 Book
© 2023 Central Library, National University of Sciences and Technology. All Rights Reserved.